000 01083cam a22002175a 4500
001 L138166
008 070521e2005 xxk f 100 0 eng d
035 _a(Sirsi) u138166
041 0 _aeng
100 1 _ade Ridder, Hennes A.J.
245 0 4 _aThe "living building" concept: dynamic control of whole life value and costs of built services
260 _c2005
490 0 _aCOBRA
_v2005
520 _aDiscusses the "living building" concept approach to life cycle management of built services, and how the concept represents an adaptable approach that respects the fact that the function and circumstances of built services change faster than the building itself.
651 4 _aInternational
690 _aMANAGEMENT-BUSINESS MANAGEMENT-COST MANAGEMENT-COST ANALYSIS-LIFE CYCLE COSTING
700 1 _aVrijhoef, Ruben
711 2 _aConstruction and Building Research Conference
_cUniversity of Queensland, Brisbane
_d4-5 July 2005
856 4 0 _uhttps://www.rics.org/site/scripts/download_info.aspx?downloadID=2553
_zView the item free of charge at www.rics.org...
942 _n0
999 _c107035
_d107035